Hướng dẫn tự làm việc trên máy tính

Bewaard in:
Bibliografische gegevens
Hoofdauteur: Trần Minh Dũng
Formaat: Boek
Gepubliceerd in: Thống kê 2001
Tags: Voeg label toe
Geen labels, Wees de eerste die dit record labelt!
Thư viện lưu trữ: Mạng thư viện Đại học Đà Nẵng
LEADER 00564nam a2200229 a 4500
001 000028677
003 16277
005 20171030145630.0
008 171030s2001
020 |c 72000 
040 |a LTT 
082 0 |a 005.3  |b TR-D 
100 1 |a Trần Minh Dũng 
245 0 0 |a Hướng dẫn tự làm việc trên máy tính  |c Trần Minh Dũng. 
260 |b Thống kê  |c 2001 
OWN |a LTT 
999 |a From the UDN01 
TYP |a Monograph 
TYP |a Printed language 
980 |a Mạng thư viện Đại học Đà Nẵng